<?xml version="1.0" encoding="UTF-8"?><?xml-stylesheet type="text/xsl" href="static/style.xsl"?><OAI-PMH xmlns="http://www.openarchives.org/OAI/2.0/" xmlns:xsi="http://www.w3.org/2001/XMLSchema-instance" xsi:schemaLocation="http://www.openarchives.org/OAI/2.0/ http://www.openarchives.org/OAI/2.0/OAI-PMH.xsd"><responseDate>2026-04-13T01:38:37Z</responseDate><request verb="GetRecord" identifier="oai:www.recercat.cat:10230/54604" metadataPrefix="marc">https://recercat.cat/oai/request</request><GetRecord><record><header><identifier>oai:recercat.cat:10230/54604</identifier><datestamp>2025-12-23T20:53:39Z</datestamp><setSpec>com_2072_6</setSpec><setSpec>col_2072_452954</setSpec></header><metadata><record xmlns="http://www.loc.gov/MARC21/slim" xmlns:dcterms="http://purl.org/dc/terms/" xmlns:xsi="http://www.w3.org/2001/XMLSchema-instance" xmlns:doc="http://www.lyncode.com/xoai" xsi:schemaLocation="http://www.loc.gov/MARC21/slim http://www.loc.gov/standards/marcxml/schema/MARC21slim.xsd">
   <leader>00925njm 22002777a 4500</leader>
   <datafield ind2=" " ind1=" " tag="042">
      <subfield code="a">dc</subfield>
   </datafield>
   <datafield ind2=" " ind1=" " tag="720">
      <subfield code="a">Font Murillo, Mònica</subfield>
      <subfield code="e">author</subfield>
   </datafield>
   <datafield ind2=" " ind1=" " tag="260">
      <subfield code="c">2022-10-26T13:32:05Z</subfield>
   </datafield>
   <datafield ind2=" " ind1=" " tag="260">
      <subfield code="c">2022-10-26T13:32:05Z</subfield>
   </datafield>
   <datafield ind2=" " ind1=" " tag="260">
      <subfield code="c">2022</subfield>
   </datafield>
   <datafield ind2=" " ind1=" " tag="520">
      <subfield code="a">Tutors: Andy L.Olivares, Jordi Mill Tena</subfield>
   </datafield>
   <datafield ind2=" " ind1=" " tag="520">
      <subfield code="a">Treball de fi de grau en Biomèdica</subfield>
   </datafield>
   <datafield ind2=" " ind1=" " tag="520">
      <subfield code="a">Transcatheter aortic valve implantation (TAVI) is a minimally invasive heart procedure&#xd;
that has emerged as a safe and effective treatment for patients with symptomatic aortic&#xd;
stenosis. However, there remain important challenges to improve patient outcomes, such&#xd;
as device-related thrombosis (DRT). Although there are some potential factors underlying&#xd;
thrombosis described by Virchow’s triad, DRT’s onset after this intervention is poorly&#xd;
understood. Computational methods can provide more information to understand why&#xd;
this happens, and help predict the occurrence of thrombosis. The objective of this&#xd;
Bachelor Thesis (BT) was to develop a computational workflow to evaluate TAVI&#xd;
thrombosis risk under patient-specific conditions by CFD simulations.&#xd;
The data of two patients, one with DRT and the other one healthy, both with transcatheter&#xd;
aortic valves implanted were provided by Montreal Heart Institute (Montreal, Canada).&#xd;
The methodological process involved: the (i) segmentation and reconstruction of&#xd;
computed tomography (CT) images; (ii) the interaction between the device and the&#xd;
anatomy; (iii) the discretization of all TAVI components; (iv) the set-up of the material&#xd;
properties and boundary conditions in fluid dynamic simulation and (v) the calculation of&#xd;
haemodynamic indices to assess the risk of thrombus formation.&#xd;
The results obtained on the healthy control and the DRT patient showed significant&#xd;
differences which were consistent with the area where the thrombus was found, leading&#xd;
to some relevant conclusions to set the basis for future works regarding the TAVI&#xd;
modeling for the prediction of DRT.</subfield>
   </datafield>
   <datafield tag="653" ind2=" " ind1=" ">
      <subfield code="a">Transcatheter aortic valve implantation (TAVI)</subfield>
   </datafield>
   <datafield tag="653" ind2=" " ind1=" ">
      <subfield code="a">Device related thrombosis (DRT)</subfield>
   </datafield>
   <datafield tag="653" ind2=" " ind1=" ">
      <subfield code="a">Computational fluid dynamics (CFD)</subfield>
   </datafield>
   <datafield ind2="0" ind1="0" tag="245">
      <subfield code="a">In-silico study of the device-related thrombosis after transcatheter aortic valve implantation</subfield>
   </datafield>
</record></metadata></record></GetRecord></OAI-PMH>